| 000 | 00452cam a22001934a 4500 | ||
|---|---|---|---|
| 005 | 20250605164129.0 | ||
| 008 | 250528s ||||||||||||||||||||||||d | ||
| 035 | _a18559 | ||
| 020 | _a1854105981 | ||
| 040 |
_aGR-AtMCL _bgre _dGR-AtMCL _eAACR2 |
||
| 245 | 1 | _aThe Watch / An Appreciation | |
| 260 | _c1998 | ||
| 300 | _a34 | ||
| 700 | 1 |
_aClark Paul _94823 |
|
| 700 | 1 |
_aPaul Clark _94824 |
|
| 942 | _cBK | ||
| 999 |
_c3910 _d3910 |
||